[Event "HUN-chT1 Charousek 2324"]
[Site "Hungary"]
[Date "2023.10.29"]
[Round "3.7"]
[White "Forgacs, Attila"]
[Black "Domany, Zsofia"]
[Result "1/2-1/2"]
[WhiteElo "2036"]
[BlackElo "2163"]
[PlyCount "83"]
[EventDate "2023.10.08"]
[EventType "team-tourn"]
[EventRounds "11"]
[EventCountry "HUN"]
[SourceTitle "EXT 2025"]
[Source "ChessBase"]
[SourceDate "2024.10.14"]
[SourceVersion "1"]
[SourceVersionDate "2024.10.14"]
[SourceQuality "1"]
[WhiteTeam "Balatonfuered"]
[BlackTeam "Gyor Szechenyi"]
[WhiteTeamCountry "HUN"]
[BlackTeamCountry "HUN"]

1. e4 c5 2. Nf3 Nc6 3. d4 cxd4 4. Nxd4 e5 5. Nb5 d6 6. N1c3 a6 7. Na3 b5 8. Nd5 Nf6 9. Bg5 Be7 10. Bxf6 Bxf6 11. Bd3 0-0 12. 0-0 Bg5 13. c3 Ne7 14. Nxe7+ Qxe7 15. Nc2 Bb7 16. a4 bxa4 17. Rxa4 a5 18. Qe2 d5 19. exd5 Bxd5 20. Be4 Rfd8 21. Bxd5 Rxd5 22. Ne3 Bxe3 23. Qxe3 Rb8 24. c4 Rc5 25. b3 Qd6 26. Raa1 Qd4 27. Qxd4 exd4 28. Rfb1 Kf8 29. Kf1 Re5 30. Re1 Rh5 31. Re4 Rxb3 32. g4 Rc5 33. Rxd4 Rc3 34. Ra4 Ke7 35. Kg2 Ke6 36. f3 f5 37. Kg3 g5 38. Ra2 f4+ 39. Kg2 R3xc4 40. Re2+ Kf6 41. Rd6+ Kf7 42. Rd7+ 1/2-1/2

[Event "HUN-chT1 Charousek 2324"]
[Site "Hungary"]
[Date "2023.10.15"]
[Round "2.6"]
[White "Forgacs, Attila"]
[Black "Benedek, Istvan1"]
[Result "0-1"]
[WhiteElo "2036"]
[BlackElo "2109"]
[PlyCount "134"]
[EventDate "2023.10.08"]
[EventType "team-tourn"]
[EventRounds "11"]
[EventCountry "HUN"]
[SourceTitle "EXT 2025"]
[Source "ChessBase"]
[SourceDate "2024.10.14"]
[SourceVersion "1"]
[SourceVersionDate "2024.10.14"]
[SourceQuality "1"]
[WhiteTeam "Balatonfuered"]
[BlackTeam "Komlo Banyasz"]
[WhiteTeamCountry "HUN"]
[BlackTeamCountry "HUN"]

1. e4 c5 2. Nf3 g6 3. d4 cxd4 4. Nxd4 Nc6 5. Nc3 Bg7 6. Be3 Nf6 7. Be2 0-0 8. 0-0 d5 9. exd5 Nxd5 10. Nxd5 Qxd5 11. Bf3 Qc4 12. Nxc6 bxc6 13. c3 Rb8 14. Qd2 a5 15. b3 Qa6 16. Be2 Qb7 17. Bc4 Bf5 18. Rfd1 Qc7 19. Bf4 e5 20. Bg5 e4 21. Bf4 Be5 22. Bxe5 Qxe5 23. Qd4 Qe7 24. Qd6 Qg5 25. Qg3 Qe7 26. Rd6 c5 27. Rad1 Rbd8 28. h3 Rde8 29. Qe3 Qc7 30. Qf4 Re7 31. Qe3 Re5 32. Qf4 Qe7 33. Qe3 Kg7 34. R6d5 Rc8 35. g4 Rxd5 36. Bxd5 Be6 37. Qxe4 Qd6 38. c4 Re8 39. Qf3 Qe5 40. Bxe6 Rxe6 41. Rc1 Rf6 42. Qc3 Qf4 43. Rf1 h5 44. Qg3 hxg4 45. hxg4 Qxg3+ 46. fxg3 Rd6 47. Kg2 a4 48. bxa4 Ra6 49. Rf2 Rxa4 50. Rc2 Kf6 51. Kf3 Ke5 52. Re2+ Kf6 53. g5+ Kxg5 54. Re5+ f5 55. Rxc5 Ra3+ 56. Kf2 Kg4 57. Rc6 g5 58. c5 Rxa2+ 59. Ke3 Kxg3 60. Kd4 f4 61. Rf6 f3 62. c6 Ra8 63. Ke4 g4 64. c7 f2 65. Ke3 Re8+ 66. Kd2 Kg2 67. Re6 Rc8 0-1

[Event "Budapest FS07 Schev"]
[Site "Budapest"]
[Date "2023.07.10"]
[Round "9.5"]
[White "Forgacs, Attila"]
[Black "Chinguun, Otgonbayar"]
[Result "1/2-1/2"]
[WhiteElo "2050"]
[BlackElo "1934"]
[PlyCount "77"]
[EventDate "2023.07.01"]
[EventType "schev"]
[EventRounds "10"]
[EventCountry "HUN"]
[SourceTitle "EXT 2024"]
[Source "ChessBase"]
[SourceDate "2023.10.10"]
[SourceVersion "1"]
[SourceVersionDate "2023.10.10"]
[SourceQuality "1"]
[WhiteTeam "Team Higher Elo"]
[BlackTeam "Team Lower Elo"]
[WhiteTeamCountry "HUN"]
[BlackTeamCountry "HUN"]

1. e4 e6 2. d4 d5 3. Nc3 Bb4 4. e5 c5 5. Qg4 Ne7 6. dxc5 Bxc3+ 7. bxc3 Ng6 8. Bd3 Nc6 9. Nf3 Qa5 10. Bd2 Qxc5 11. 0-0 Bd7 12. Rab1 0-0-0 13. Rb5 Qa3 14. Rb3 Qe7 15. Rfb1 Na5 16. Rb4 b6 17. Ba6+ Kc7 18. c4 Bc6 19. Qg3 h6 20. Bc3 Qd7 21. c5 Rb8 22. Nd4 Nc4 23. Bxc4 dxc4 24. Nxc6 Qxc6 25. Rxc4 bxc5 26. Ba5+ Kd7 27. Rd1+ Ke7 28. Qa3 Rhc8 29. Bc3 Kf8 30. Bd4 Kg8 31. Rxc5 Qe4 32. Rxc8+ Rxc8 33. Qd3 Qc6 34. c3 Rd8 35. Qe3 Qd5 36. Ra1 Nh4 37. f3 Nf5 38. Qf2 Nxd4 39. cxd4 1/2-1/2

[Event "Budapest FS07 Schev"]
[Site "Budapest"]
[Date "2023.07.09"]
[Round "8.5"]
[White "Juracsik, Jozsef"]
[Black "Forgacs, Attila"]
[Result "1-0"]
[WhiteElo "1884"]
[BlackElo "2050"]
[PlyCount "63"]
[EventDate "2023.07.01"]
[EventType "schev"]
[EventRounds "10"]
[EventCountry "HUN"]
[SourceTitle "EXT 2024"]
[Source "ChessBase"]
[SourceDate "2023.10.10"]
[SourceVersion "1"]
[SourceVersionDate "2023.10.10"]
[SourceQuality "1"]
[WhiteTeam "Team Lower Elo"]
[BlackTeam "Team Higher Elo"]
[WhiteTeamCountry "HUN"]
[BlackTeamCountry "HUN"]

1. e4 e6 2. d4 d5 3. Nc3 Bb4 4. e5 c5 5. a3 Bxc3+ 6. bxc3 Ne7 7. Nf3 Nbc6 8. h4 Qa5 9. Qd2 Bd7 10. h5 h6 11. dxc5 Qxc5 12. Rb1 Na5 13. Bd3 0-0-0 14. 0-0 Nc4 15. Qf4 Nc6 16. Bxc4 Qxc4 17. Nd4 Nxd4 18. cxd4 Qxc2 19. Bd2 Kb8 20. Bb4 Qf5 21. Qd2 Ka8 22. Bc5 Rc8 23. Qa5 Rxc5 24. Qxc5 Rc8 25. Qe7 Bc6 26. Rfc1 g6 27. hxg6 fxg6 28. Rb3 Rb8 29. Qc7 Qg4 30. Rbc3 Qf5 31. Rf3 Qe4 32. Rxc6 1-0

[Event "HUN-chT1 Charousek 2122"]
[Site "Hungary"]
[Date "2022.04.10"]
[Round "11.6"]
[White "Volosin, Vladimir"]
[Black "Forgacs, Attila"]
[Result "1/2-1/2"]
[WhiteElo "2207"]
[BlackElo "2064"]
[PlyCount "20"]
[EventDate "2021.10.10"]
[EventType "team-tourn"]
[EventRounds "11"]
[EventCountry "HUN"]
[SourceTitle "EXT 2025"]
[Source "ChessBase"]
[SourceDate "2024.10.14"]
[SourceVersion "1"]
[SourceVersionDate "2024.10.14"]
[SourceQuality "1"]
[WhiteTeam "Szentgotthard Alsoszolnok"]
[BlackTeam "Balatonfuered"]
[WhiteTeamCountry "HUN"]
[BlackTeamCountry "HUN"]

1. c4 e5 2. Nc3 Nc6 3. g3 Bc5 4. Bg2 d6 5. e3 a6 6. Nge2 Ba7 7. d4 Bg4 8. h3 Bh5 9. Qa4 Qd7 10. dxe5 Nxe5 1/2-1/2

[Event "HUN-chT1 Charousek 2122"]
[Site "Hungary"]
[Date "2022.02.27"]
[Round "9.6"]
[White "Sugar, Karoly"]
[Black "Forgacs, Attila"]
[Result "0-1"]
[WhiteElo "2121"]
[BlackElo "2059"]
[PlyCount "120"]
[EventDate "2021.10.10"]
[EventType "team-tourn"]
[EventRounds "11"]
[EventCountry "HUN"]
[SourceTitle "EXT 2025"]
[Source "ChessBase"]
[SourceDate "2024.10.14"]
[SourceVersion "1"]
[SourceVersionDate "2024.10.14"]
[SourceQuality "1"]
[WhiteTeam "Magyar Sakkvilag"]
[BlackTeam "Balatonfuered"]
[WhiteTeamCountry "HUN"]
[BlackTeamCountry "HUN"]

1. d4 Nf6 2. c4 g6 3. Nc3 Bg7 4. e4 d6 5. Be2 0-0 6. Nf3 e5 7. Be3 Ng4 8. Bg5 f6 9. Bh4 Nc6 10. d5 Ne7 11. h3 Nh6 12. g4 Nf7 13. Qc2 Bd7 14. Nd2 c6 15. f3 a6 16. Bf2 f5 17. 0-0-0 cxd5 18. cxd5 b5 19. Kb1 Qc8 20. Rc1 fxe4 21. fxe4 Qb7 22. Be3 Rfc8 23. Qb3 Rc7 24. a3 Rb8 25. Na2 Rbc8 26. Rxc7 Rxc7 27. Rc1 g5 28. Qb4 Ng6 29. Qa5 Rxc1+ 30. Nxc1 Nf4 31. Bf1 Bf6 32. Nf3 Qc8 33. a4 bxa4 34. Bxf4 exf4 35. Bxa6 Qb8 36. Qd2 h6 37. Bc4 Qb6 38. Nd3 Kg7 39. Qe2 Qc7 40. Nb4 Qb6 41. Nc6 Bxc6 42. dxc6 Qxc6 43. Bxf7 Kxf7 44. e5 dxe5 45. Nxe5+ Bxe5 46. Qxe5 f3 47. Qf5+ Qf6 48. Qd7+ Kg8 49. Qxa4 f2 50. Qc4+ Kg7 51. Qf1 Qd4 52. Kc2 Kf6 53. Qe2 Qf4 54. Qa6+ Ke7 55. Qf1 Qd4 56. Qe2+ Kd6 57. b3 Kd5 58. Qf1 Ke4 59. b4 Ke3 60. b5 Qd2+ 0-1

[Event "HUN-chT1 Charousek 2122"]
[Site "Hungary"]
[Date "2022.01.30"]
[Round "7.8"]
[White "Pesti, Mate"]
[Black "Forgacs, Attila"]
[Result "1/2-1/2"]
[WhiteElo "1974"]
[BlackElo "2073"]
[PlyCount "29"]
[EventDate "2021.10.10"]
[EventType "team-tourn"]
[EventRounds "11"]
[EventCountry "HUN"]
[SourceTitle "EXT 2025"]
[Source "ChessBase"]
[SourceDate "2024.10.14"]
[SourceVersion "1"]
[SourceVersionDate "2024.10.14"]
[SourceQuality "1"]
[WhiteTeam "Gyori Elektromos"]
[BlackTeam "Balatonfuered"]
[WhiteTeamCountry "HUN"]
[BlackTeamCountry "HUN"]

1. e4 c5 2. Nf3 d6 3. d4 cxd4 4. Qxd4 Nc6 5. Bb5 Bd7 6. Bxc6 Bxc6 7. Nc3 Nf6 8. Bg5 e6 9. 0-0-0 Be7 10. Rhe1 0-0 11. e5 dxe5 12. Qh4 Qc7 13. Nxe5 Rfd8 14. Ng4 Rxd1+ 15. Rxd1 1/2-1/2

[Event "HUN-chT1 Charousek 2122"]
[Site "Hungary"]
[Date "2021.12.19"]
[Round "6.7"]
[White "Horvath, Sandor"]
[Black "Forgacs, Attila"]
[Result "1/2-1/2"]
[WhiteElo "2231"]
[BlackElo "2081"]
[PlyCount "30"]
[EventDate "2021.10.10"]
[EventType "team-tourn"]
[EventRounds "11"]
[EventCountry "HUN"]
[SourceTitle "EXT 2025"]
[Source "ChessBase"]
[SourceDate "2024.10.14"]
[SourceVersion "1"]
[SourceVersionDate "2024.10.14"]
[SourceQuality "1"]
[WhiteTeam "Csuti Hydro"]
[BlackTeam "Balatonfuered"]
[WhiteTeamCountry "HUN"]
[BlackTeamCountry "HUN"]

1. e4 e6 2. d4 d5 3. Nc3 Bb4 4. Qd3 dxe4 5. Qxe4 Nf6 6. Qh4 b6 7. Be2 Bb7 8. Bf3 Bxf3 9. Nxf3 Nbd7 10. 0-0 Bxc3 11. bxc3 0-0 12. Re1 c5 13. Qg3 Kh8 14. Ba3 Re8 15. Rad1 Qc8 1/2-1/2

[Event "HUN-chT1 Charousek 2122"]
[Site "Hungary"]
[Date "2021.12.05"]
[Round "5.7"]
[White "Forgacs, Attila"]
[Black "Nagy, Zoltan"]
[Result "1/2-1/2"]
[WhiteElo "2081"]
[BlackElo "2117"]
[PlyCount "28"]
[EventDate "2021.10.10"]
[EventType "team-tourn"]
[EventRounds "11"]
[EventCountry "HUN"]
[SourceTitle "EXT 2025"]
[Source "ChessBase"]
[SourceDate "2024.10.14"]
[SourceVersion "1"]
[SourceVersionDate "2024.10.14"]
[SourceQuality "1"]
[WhiteTeam "Balatonfuered"]
[BlackTeam "Tapolca VSE"]
[WhiteTeamCountry "HUN"]
[BlackTeamCountry "HUN"]

1. e4 c5 2. Nf3 d6 3. d4 cxd4 4. Nxd4 Nf6 5. Nc3 a6 6. Be3 e5 7. Nb3 Be6 8. f3 Be7 9. Qd2 0-0 10. 0-0-0 Nbd7 11. g4 b5 12. g5 Nh5 13. Kb1 Nb6 14. Nd5 Bxd5 1/2-1/2

[Event "HUN-chT1 Charousek 2122"]
[Site "Hungary"]
[Date "2021.11.21"]
[Round "4.8"]
[White "Forgacs, Attila"]
[Black "Tancsa, Tamas"]
[Result "1/2-1/2"]
[WhiteElo "2075"]
[BlackElo "2083"]
[PlyCount "70"]
[EventDate "2021.10.10"]
[EventType "team-tourn"]
[EventRounds "11"]
[EventCountry "HUN"]
[SourceTitle "EXT 2025"]
[Source "ChessBase"]
[SourceDate "2024.10.14"]
[SourceVersion "1"]
[SourceVersionDate "2024.10.14"]
[SourceQuality "1"]
[WhiteTeam "Balatonfuered"]
[BlackTeam "Paks ASE II"]
[WhiteTeamCountry "HUN"]
[BlackTeamCountry "HUN"]

1. Nf3 Nf6 2. g3 g6 3. Bg2 Bg7 4. c4 0-0 5. 0-0 d6 6. Nc3 e5 7. d3 Nc6 8. Rb1 a5 9. a3 Be6 10. Ng5 Bd7 11. b4 axb4 12. axb4 h6 13. Nf3 Qc8 14. b5 Ne7 15. Re1 Be6 16. Bb2 c6 17. Qc2 Nd7 18. Ra1 Rxa1 19. Rxa1 d5 20. bxc6 bxc6 21. Na4 dxc4 22. dxc4 c5 23. Nd2 Nc6 24. e3 f5 25. Nc3 e4 26. Nd5 Bxd5 27. cxd5 Nce5 28. Bxe5 Nxe5 29. Ra7 c4 30. d6 Qc5 31. Qa2 Kh8 32. Ra5 Qxd6 33. Nxc4 Qd1+ 34. Bf1 Nf3+ 35. Kg2 Ne1+ 1/2-1/2

[Event "HUN-ch rapid"]
[Site "Ajka"]
[Date "2020.07.17"]
[Round "4"]
[White "Forgacs, Attila"]
[Black "Szelenyi, Norbert"]
[Result "0-1"]
[WhiteElo "2121"]
[BlackElo "2283"]
[PlyCount "70"]
[EventDate "2020.07.17"]
[EventType "swiss (rapid)"]
[EventRounds "13"]
[EventCountry "HUN"]
[SourceTitle "CBM 197 Extra"]
[Source "ChessBase"]
[SourceDate "2020.09.30"]
[SourceVersion "1"]
[SourceVersionDate "2020.09.30"]
[SourceQuality "1"]

1. e4 c5 2. Nf3 a6 3. c4 e6 4. d4 cxd4 5. Nxd4 Nf6 6. Nc3 d6 7. Be3 Be7 8. Be2 0-0 9. 0-0 b6 10. Qd2 Bb7 11. f3 Nbd7 12. Rfd1 Rc8 13. Rac1 Re8 14. Bf1 Qc7 15. b3 Qb8 16. Qf2 Bd8 17. Kh1 Bc7 18. Nde2 h6 19. g4 b5 20. cxb5 axb5 21. Nxb5 Nxe4 22. Qg2 Ng5 23. Ned4 Ne5 24. Bxg5 hxg5 25. a4 Bb6 26. Rxc8 Rxc8 27. Qg3 Rd8 28. Bg2 Ng6 29. Qe1 Qa8 30. Qe3 e5 31. Qxg5 exd4 32. Nxd4 Bxd4 33. Rxd4 Bxf3 34. Qd2 Nh4 35. Bxf3 Nxf3 0-1

[Event "HUN-chT2 Charousek 1819"]
[Site "Hungary"]
[Date "2019.04.28"]
[Round "11.6"]
[White "Dory, Jeno"]
[Black "Forgacs, Attila"]
[Result "1/2-1/2"]
[WhiteElo "2218"]
[BlackElo "2055"]
[PlyCount "130"]
[EventDate "2018.09.23"]
[EventType "team-tourn"]
[EventRounds "11"]
[EventCountry "HUN"]
[SourceTitle "EXT 2021"]
[Source "ChessBase"]
[SourceDate "2020.10.23"]
[SourceVersion "1"]
[SourceVersionDate "2020.10.23"]
[SourceQuality "1"]
[WhiteTeam "Budapest HUSI"]
[BlackTeam "Balatonfuered"]
[WhiteTeamCountry "HUN"]
[BlackTeamCountry "HUN"]

1. e4 c5 2. Nf3 d6 3. Bb5+ Nc6 4. d4 cxd4 5. Qxd4 Bd7 6. Bxc6 Bxc6 7. Nc3 e6 8. Bg5 Nf6 9. 0-0-0 Be7 10. Rhe1 0-0 11. Qd2 Qa5 12. Nd4 Rac8 13. f3 b5 14. Nb3 Qc7 15. Bf4 Rfd8 16. g4 b4 17. Ne2 a5 18. Kb1 e5 19. g5 Nh5 20. Bg3 a4 21. Nbc1 d5 22. Nd3 dxe4 23. fxe4 Bxe4 24. Bxe5 Qc4 25. b3 axb3 26. axb3 Qd5 27. Qe3 Bg6 28. h4 Bf8 29. Rd2 Re8 30. Nef4 Nxf4 31. Nxf4 Qc6 32. Nxg6 hxg6 33. Qd4 Qe6 34. Rde2 Qa6 35. Qd3 Qa5 36. Bb2 Rxe2 37. Qxe2 Qf5 38. Qe4 Qh3 39. Rh1 Qg3 40. Be5 Qf2 41. Bd4 Qf5 42. Re1 Bc5 43. Qxf5 gxf5 44. Bxc5 Rxc5 45. Rf1 g6 46. Rf4 Rb5 47. Kb2 f6 48. c4 bxc3+ 49. Kxc3 fxg5 50. hxg5 Kf7 51. b4 Ke6 52. Rc4 f4 53. Rxf4 Rxg5 54. Kc4 Rg1 55. b5 g5 56. Rf8 Rc1+ 57. Kd4 Rb1 58. Kc5 g4 59. b6 Ke5 60. Kc6 Ke4 61. b7 g3 62. b8Q Rxb8 63. Rxb8 g2 64. Rg8 Kf3 65. Kd5 Kf2 1/2-1/2

[Event "HUN-chT2 Charousek 1819"]
[Site "Hungary"]
[Date "2018.10.07"]
[Round "2.9"]
[White "Nagy, Zoltan"]
[Black "Forgacs, Attila"]
[Result "1/2-1/2"]
[WhiteElo "2098"]
[BlackElo "2055"]
[PlyCount "20"]
[EventDate "2018.09.23"]
[EventType "team-tourn"]
[EventRounds "11"]
[EventCountry "HUN"]
[SourceTitle "CBM 189 Extra"]
[Source "ChessBase"]
[SourceDate "2019.05.31"]
[SourceVersion "1"]
[SourceVersionDate "2019.05.31"]
[SourceQuality "1"]
[WhiteTeam "Tapolca Varosi"]
[BlackTeam "Balatonfuered"]
[WhiteTeamCountry "HUN"]
[BlackTeamCountry "HUN"]

1. e4 c5 2. Nf3 Nc6 3. d4 cxd4 4. Nxd4 Nf6 5. Nc3 e6 6. Ndb5 d6 7. Bg5 a6 8. Na3 b5 9. Bxf6 gxf6 10. Nd5 f5 1/2-1/2

[Event "HUN-chT2 Charousek 1819"]
[Site "Hungary"]
[Date "2018.09.23"]
[Round "1.7"]
[White "Szelenyi, Norbert"]
[Black "Forgacs, Attila"]
[Result "1/2-1/2"]
[WhiteElo "2307"]
[BlackElo "2055"]
[PlyCount "154"]
[EventDate "2018.09.23"]
[EventType "team-tourn"]
[EventRounds "11"]
[EventCountry "HUN"]
[SourceTitle "CBM 189 Extra"]
[Source "ChessBase"]
[SourceDate "2019.05.31"]
[SourceVersion "1"]
[SourceVersionDate "2019.05.31"]
[SourceQuality "1"]
[WhiteTeam "Ajka Banyasz"]
[BlackTeam "Balatonfuered"]
[WhiteTeamCountry "HUN"]
[BlackTeamCountry "HUN"]

1. c4 g6 2. d4 Bg7 3. Nc3 Nf6 4. e4 d6 5. h3 0-0 6. Nf3 e5 7. d5 Na6 8. Bg5 Qe8 9. g4 Nd7 10. Rg1 Kh8 11. Be2 Ndc5 12. Nd2 f5 13. a3 Qf7 14. Be3 c6 15. Qc2 cxd5 16. cxd5 fxe4 17. 0-0-0 Nd3+ 18. Kb1 Nf4 19. Ndxe4 Qc7 20. Bf1 Bd7 21. Nb5 Bxb5 22. Bxb5 Qxc2+ 23. Kxc2 Nc7 24. Bc4 Rfd8 25. a4 Rac8 26. Kb3 b6 27. h4 a6 28. Bxb6 Rb8 29. a5 Na8 30. Rg3 Nxb6 31. axb6 Rxb6+ 32. Kc2 Rdb8 33. Rb3 Rxb3 34. Bxb3 Ne2 35. Bc4 Nd4+ 36. Kc3 Bf8 37. Ra1 Nb5+ 38. Bxb5 Rxb5 39. Kc4 Rb6 40. b4 Be7 41. g5 Kg7 42. Ra3 h6 43. Ra1 hxg5 44. hxg5 Kg8 45. Ra5 Kf8 46. b5 axb5+ 47. Rxb5 Ra6 48. Rb8+ Kf7 49. Kb5 Ra2 50. Kc6 Re2 51. Nxd6+ Bxd6 52. Kxd6 Rxf2 53. Rb7+ Kf8 54. Kxe5 Rf5+ 55. Ke6 Rxg5 56. d6 Rg1 57. d7 Re1+ 58. Kd6 Rd1+ 59. Kc7 Rc1+ 60. Kd6 Rd1+ 61. Kc7 Rc1+ 62. Kd8 Ra1 63. Rb2 Rc1 64. Rf2+ Kg7 65. Re2 Kf6 66. Ke8 Rd1 67. d8Q+ Rxd8+ 68. Kxd8 g5 69. Kd7 Kf5 70. Kd6 g4 71. Kd5 Kf4 72. Kd4 Kf3 73. Kd3 g3 74. Re8 g2 75. Rf8+ Kg3 76. Rg8+ Kf2 77. Rxg2+ Kxg2 1/2-1/2

[Event "Balatonalmadi Pannonia Cup 23th"]
[Site "Balatonalmadi"]
[Date "2018.07.21"]
[Round "6"]
[White "Mester, Attila"]
[Black "Forgacs, Attila"]
[Result "1-0"]
[WhiteElo "2024"]
[BlackElo "2121"]
[PlyCount "93"]
[EventDate "2018.07.18"]
[EventType "swiss"]
[EventRounds "7"]
[EventCountry "HUN"]
[SourceTitle "EXT 2025"]
[Source "ChessBase"]
[SourceDate "2024.10.14"]
[SourceVersion "1"]
[SourceVersionDate "2024.10.14"]
[SourceQuality "1"]

1. d4 Nf6 2. Bg5 Ne4 3. Bf4 e6 4. f3 Bd6 5. Bxd6 Nxd6 6. e4 f5 7. e5 Nf7 8. f4 0-0 9. Nf3 d6 10. Nc3 b6 11. Bc4 d5 12. Be2 c5 13. Qd2 Nc6 14. 0-0 Bd7 15. Nd1 cxd4 16. Nxd4 Nxd4 17. Qxd4 Qe7 18. Ne3 Qc5 19. c3 Nd8 20. Nc2 Nc6 21. Qf2 Rac8 22. Rfd1 Rfd8 23. a4 Be8 24. Nd4 Nxd4 25. Qxd4 a5 26. Kf2 Rb8 27. Rd2 Rdc8 28. g3 Kf7 29. Ke3 Bd7 30. h3 Rg8 31. h4 g6 32. Bf3 h6 33. c4 g5 34. hxg5 hxg5 35. cxd5 gxf4+ 36. gxf4 Rg3 37. Rh1 Rbg8 38. Rh7+ Ke8 39. Qxc5 bxc5 40. Rc2 exd5 41. Rxc5 d4+ 42. Kf2 d3 43. Rxa5 R8g7 44. Rxg7 Rxg7 45. Ra7 Rg4 46. Bxg4 fxg4 47. Ra6 1-0

[Event "Balatonalmadi Pannonia Cup 23th"]
[Site "Balatonalmadi"]
[Date "2018.07.19"]
[Round "2"]
[White "Kocsis, Peter"]
[Black "Forgacs, Attila"]
[Result "1/2-1/2"]
[WhiteElo "1756"]
[BlackElo "2121"]
[PlyCount "70"]
[EventDate "2018.07.18"]
[EventType "swiss"]
[EventRounds "7"]
[EventCountry "HUN"]
[SourceTitle "EXT 2025"]
[Source "ChessBase"]
[SourceDate "2024.10.14"]
[SourceVersion "1"]
[SourceVersionDate "2024.10.14"]
[SourceQuality "1"]

1. Nf3 Nc6 2. b3 e5 3. Bb2 d6 4. e3 Bg4 5. h3 Bh5 6. Be2 Be7 7. Nxe5 dxe5 8. Bxh5 Nf6 9. 0-0 Qd7 10. d3 0-0-0 11. Bxf7 h5 12. Bc4 g5 13. Bb5 g4 14. h4 Qe6 15. Bxc6 bxc6 16. g3 Rhf8 17. Qe2 Nd7 18. Nd2 Nb6 19. Ne4 Rf3 20. a4 Rdf8 21. Ba3 Bxa3 22. Rxa3 Nd5 23. Raa1 Qe7 24. Qd2 Qf7 25. Ng5 Qd7 26. c4 Ne7 27. d4 Nf5 28. d5 c5 29. Qa5 Qd6 30. Nxf3 gxf3 31. Qxa7 Kd7 32. Qb7 Qe7 33. Qc6+ Kd8 34. Qa8+ Kd7 35. Qc6+ Kd8 1/2-1/2

[Event "Balatonalmadi Pannonia Cup 23th"]
[Site "Balatonalmadi"]
[Date "2018.07.18"]
[Round "1"]
[White "Forgacs, Attila"]
[Black "Koltai, Dora"]
[Result "1-0"]
[WhiteElo "2121"]
[BlackElo "1786"]
[PlyCount "97"]
[EventDate "2018.07.18"]
[EventType "swiss"]
[EventRounds "7"]
[EventCountry "HUN"]
[SourceTitle "EXT 2025"]
[Source "ChessBase"]
[SourceDate "2024.10.14"]
[SourceVersion "1"]
[SourceVersionDate "2024.10.14"]
[SourceQuality "1"]

1. e4 d5 2. exd5 Qxd5 3. Nc3 Qd6 4. Nf3 Nf6 5. d4 a6 6. g3 Bg4 7. Bg2 Nc6 8. 0-0 0-0-0 9. Bf4 Qb4 10. a3 Qxb2 11. Na4 Bxf3 12. Nxb2 Bxd1 13. Bxc6 Be2 14. Rfe1 bxc6 15. Rxe2 Rxd4 16. Nd3 e6 17. Ne5 Bd6 18. Nxf7 Re8 19. Be5 Bxe5 20. Nxe5 Rd6 21. Rae1 Nd7 22. Nf7 Nc5 23. Nxd6+ cxd6 24. Re3 Rf8 25. Rc3 Kc7 26. f4 Rb8 27. Kf2 Rb2 28. Re2 Rb8 29. Kf3 Rf8 30. h4 e5 31. Rxc5 dxc5 32. Rxe5 Kd6 33. g4 Rb8 34. Rg5 Rb7 35. h5 Rf7 36. Ke4 Re7+ 37. Kf3 Rf7 38. Re5 Rb7 39. Ke4 Rb2 40. Kd3 Rb7 41. Re8 Rf7 42. f5 Rb7 43. Re6+ Kd7 44. h6 gxh6 45. Rxh6 Ke8 46. Ke4 Re7+ 47. Re6 Kd7 48. Rxe7+ Kxe7 49. Ke5 1-0

[Event "HUN-chT2 Charousek 1718"]
[Site "Hungary"]
[Date "2017.12.17"]
[Round "4.6"]
[White "Varga, Richard"]
[Black "Forgacs, Attila"]
[Result "0-1"]
[WhiteElo "2100"]
[BlackElo "2103"]
[PlyCount "76"]
[EventDate "2017.10.29"]
[EventType "team-tourn"]
[EventRounds "9"]
[EventCountry "HUN"]
[SourceTitle "EXT 2020"]
[Source "ChessBase"]
[SourceDate "2019.10.17"]
[SourceVersion "1"]
[SourceVersionDate "2019.10.17"]
[SourceQuality "1"]
[WhiteTeam "Aquaprofit Nagykanizsa II"]
[BlackTeam "Balatonfuered"]
[WhiteTeamCountry "HUN"]
[BlackTeamCountry "HUN"]

1. e4 c5 2. Nf3 d6 3. d4 cxd4 4. Nxd4 Nf6 5. Nc3 a6 6. Be2 e6 7. g4 h6 8. Be3 Nc6 9. Bf3 Ne5 10. Be2 Qc7 11. f4 Nc4 12. Bxc4 Qxc4 13. g5 hxg5 14. fxg5 Nd7 15. g6 fxg6 16. Qd2 Ne5 17. 0-0-0 Be7 18. Bf4 Bf6 19. Nb3 g5 20. Bg3 Qc6 21. Qxd6 Qxd6 22. Rxd6 Nc4 23. Rd3 b6 24. Re1 Be5 25. Rdd1 Ke7 26. Nd4 Bf4+ 27. Kb1 Ne5 28. Bxf4 gxf4 29. Rd2 Bb7 30. Rg1 Kf6 31. Rf2 g5 32. Nde2 Rag8 33. h4 Rxh4 34. Rxf4+ gxf4 35. Rxg8 f3 36. Ng3 f2 37. Nd1 Rh1 38. Rf8+ Nf7 0-1

[Event "HUN-chT2 Asztalos 1617"]
[Site "Hungary"]
[Date "2017.02.26"]
[Round "9.5"]
[White "Forgacs, Attila"]
[Black "Szunyogh, Istvan"]
[Result "1/2-1/2"]
[WhiteElo "2112"]
[BlackElo "1844"]
[PlyCount "144"]
[EventDate "2016.09.25"]
[EventType "team-tourn"]
[EventRounds "11"]
[EventCountry "HUN"]
[SourceTitle "EXT 2021"]
[Source "ChessBase"]
[SourceDate "2020.10.23"]
[SourceVersion "1"]
[SourceVersionDate "2020.10.23"]
[SourceQuality "1"]
[WhiteTeam "Balatonfuered"]
[BlackTeam "Sarosd"]
[WhiteTeamCountry "HUN"]
[BlackTeamCountry "HUN"]

1. e4 e6 2. d4 d5 3. Nc3 dxe4 4. Nxe4 Bd7 5. Bd3 Bc6 6. Nf3 Nd7 7. 0-0 Ngf6 8. Nxf6+ Nxf6 9. c3 Bxf3 10. Qxf3 c6 11. Bg5 Be7 12. Rfe1 Qd5 13. Qxd5 Nxd5 14. Bd2 Rd8 15. Rad1 Bf6 16. f4 0-0 17. Kf2 g6 18. Kf3 Ne7 19. Bc1 Rd7 20. g4 Rfd8 21. Bc2 Nc8 22. Rh1 Kg7 23. h4 Be7 24. h5 Rg8 25. hxg6 hxg6 26. f5 exf5 27. gxf5 g5 28. Rh5 Rh8 29. Rxh8 Kxh8 30. Kg4 f6 31. Bb3 Nd6 32. Re1 Kg7 33. Re6 Ne8 34. Re1 Nc7 35. Bd1 Bd6 36. Bf3 Re7 37. Rxe7+ Bxe7 38. c4 Bd6 39. a3 Kf7 40. b4 a6 41. Bd2 Bh2 42. Be3 Bd6 43. Bg2 Be7 44. Be4 a5 45. Bd2 axb4 46. axb4 Ne8 47. c5 Nc7 48. Bd3 Bd8 49. Bc4+ Ke7 50. Kh5 Kd7 51. Kg6 Nd5 52. Bxd5 cxd5 53. b5 Bc7 54. Kxf6 Bf4 55. Be1 g4 56. Kg6 Be3 57. f6 Bxd4 58. Kf5 Bxc5 59. Kxg4 Ke6 60. f7 d4 61. Kf4 Kd5 62. Bd2 Bf8 63. Kf5 Kc4 64. Ke4 Bg7 65. b6 Kc5 66. Kd3 Kxb6 67. f8Q Bxf8 68. Kxd4 Kb5 69. Kd3 Bc5 70. Kc2 Kc4 71. Kb1 Bd4 72. Bf4 b6 1/2-1/2